Periodic Table: Elements By Classification - Statistics

General Stats
  • This quiz has been taken 90 times
  • The average score is 35 of 117
Answer Stats
Hint Answer % Correct
Neon Noble Gas
67%
Iodine Halogen
58%
Argon Noble Gas
58%
Cobalt Transition Metal
58%
Rhenium Transition Metal
58%
Titanium Transition Metal
58%
Chlorine Halogen
50%
Helium Noble Gas
50%
Xenon Noble Gas
50%
Mercury Transition Metal
50%
Nickel Transition Metal
50%
Tungsten Transition Metal
50%
Uranium Actinide
42%
Lithium Alkali Metal
42%
Bromine Halogen
42%
Fluorine Halogen
42%
Lanthanum Lanthanide
42%
Krypton Noble Gas
42%
Radon Noble Gas
42%
Carbon Other Non Metal
42%
Oxygen Other Non Metal
42%
Phosphorus Other Non Metal
42%
Bohrium Transition Metal
42%
Cadmium Transition Metal
42%
Chromium Transition Metal
42%
Dubnium Transition Metal
42%
Gold Transition Metal
42%
Hafnium Transition Metal
42%
Iron Transition Metal
42%
Platinum Transition Metal
42%
Rutherfordium Transition Metal
42%
Scandium Transition Metal
42%
Silver Transition Metal
42%
Tantalum Transition Metal
42%
Actinium Actinide
33%
Einsteinium Actinide
33%
Mendelevium Actinide
33%
Neptunium Actinide
33%
Nobelium Actinide
33%
Beryllium Alkali Earth Metal
33%
Francium Alkali Metal
33%
Astatine Halogen
33%
Europium Lanthanide
33%
Gadolinium Lanthanide
33%
Neodymium Lanthanide
33%
Praseodymium Lanthanide
33%
Hydrogen Other Non Metal
33%
Nitrogen Other Non Metal
33%
Nihonium Post Transition Metal
33%
Copernicium Transition Metal
33%
Copper Transition Metal
33%
Darmstadtium Transition Metal
33%
Hassium Transition Metal
33%
Iridium Transition Metal
33%
Manganese Transition Metal
33%
Molybdenum Transition Metal
33%
Osmium Transition Metal
33%
Palladium Transition Metal
33%
Roentgenium Transition Metal
33%
Vanadium Transition Metal
33%
Zirconium Transition Metal
33%
Californium Actinide
25%
Curium Actinide
25%
Thorium Actinide
25%
Barium Alkali Earth Metal
25%
Calcium Alkali Earth Metal
25%
Magnesium Alkali Earth Metal
25%
Strontium Alkali Earth Metal
25%
Potassium Alkali Metal
25%
Tennessine Halogen
25%
Cerium Lanthanide
25%
Dysprosium Lanthanide
25%
Terbium Lanthanide
25%
Thulium Lanthanide
25%
Arsenic Metalloid
25%
Boron Metalloid
25%
Oganesson Noble Gas
25%
Selenium Other Non Metal
25%
Sulfur Other Non Metal
25%
Bismuth Post Transition Metal
25%
Livermorium Post Transition Metal
25%
Meitnerium Transition Metal
25%
Technetium Transition Metal
25%
Yttrium Transition Metal
25%
Zinc Transition Metal
25%
Americium Actinide
17%
Berkelium Actinide
17%
Protactinium Actinide
17%
Radium Alkali Earth Metal
17%
Sodium Alkali Metal
17%
Rubidium Alkali Metal
17%
Cesium Alkali Metal
17%
Lutetium Lanthanide
17%
Promethium Lanthanide
17%
Ytterbium Lanthanide
17%
Antimony Metalloid
17%
Tellurium Metalloid
17%
Flerovium Post Transition Metal
17%
Lead Post Transition Metal
17%
Thallium Post Transition Metal
17%
Tin Post Transition Metal
17%
Niobium Transition Metal
17%
Rhodium Transition Metal
17%
Ruthenium Transition Metal
17%
Seaborgium Transition Metal
17%
Fermium Actinide
8%
Lawrencium Actinide
8%
Plutonium Actinide
8%
Erbium Lanthanide
8%
Holmium Lanthanide
8%
Samarium Lanthanide
8%
Germanium Metalloid
8%
Silicon Metalloid
8%
Aluminium Post Transition Metal
8%
Gallium Post Transition Metal
8%
Indium Post Transition Metal
8%
Moscovium Post Transition Metal
8%
No matching quizzes found
Score Distribution
Percent of People with Each Score
Percentile by Number Answered
Your Score History
You have not taken this quiz